[Event "SRB-chT 1st League"]
[Site "Bajina Basta"]
[Date "2020.10.13"]
[Round "5.6"]
[White "Jevtic, Sasa"]
[Black "Novoselski, Zoran"]
[Result "1/2-1/2"]
[WhiteElo "2279"]
[BlackElo "2318"]
[PlyCount "21"]
[EventDate "2020.10.10"]
[EventType "team-tourn"]
[EventRounds "11"]
[EventCountry "SRB"]
[SourceTitle "CBM 198 Extra"]
[Source "ChessBase"]
[SourceDate "2020.11.30"]
[SourceVersion "1"]
[SourceVersionDate "2020.11.30"]
[SourceQuality "1"]
[WhiteTeam "Paracin"]
[BlackTeam "Cacak Borac"]
[WhiteTeamCountry "SRB"]
[BlackTeamCountry "SRB"]

1. e4 Nf6 2. e5 Nd5 3. d4 d6 4. Nf3 Bg4 5. h3 Bh5 6. c4 Nb6 7. exd6 cxd6 8. Nc3 e6 9. Be2 Be7 10. b3 0-0 11. 0-0 1/2-1/2

[Event "Titled Tuesday intern op 5th May"]
[Site "Chess.com INT"]
[Date "2020.05.05"]
[Round "3"]
[White "Jevtic, Sasa"]
[Black "Pak, Evgeniy"]
[Result "0-1"]
[WhiteElo "2279"]
[BlackElo "2582"]
[PlyCount "52"]
[EventDate "2020.05.05"]
[EventType "swiss (blitz)"]
[EventRounds "10"]
[EventCountry "USA"]
[SourceTitle "EXT 2021"]
[Source "ChessBase"]
[SourceDate "2020.10.23"]
[SourceVersion "1"]
[SourceVersionDate "2020.10.23"]
[SourceQuality "1"]

1. d4 Nf6 2. Nf3 d5 3. Bf4 e6 4. e3 Bd6 5. Bg3 0-0 6. Bd3 b6 7. Nbd2 Bb7 8. Ne5 Nbd7 9. f4 Ne4 10. Qh5 Ndf6 11. Qh3 Nxd2 12. Kxd2 Ne4+ 13. Ke2 Qe7 14. Bh4 f6 15. Nf3 Qe8 16. g4 c5 17. c3 a5 18. Nd2 Ba6 19. Bxa6 Rxa6 20. Nxe4 Qb5+ 21. Kf3 dxe4+ 22. Kxe4 Qe2 23. Rae1 f5+ 24. gxf5 exf5+ 25. Kd5 Qb5 26. Kxd6 Ra7 0-1

[Event "Golden Sands Europe op 1st"]
[Site "Golden Sands"]
[Date "2012.06.05"]
[Round "2"]
[White "Jevtic, Sasa"]
[Black "Solozhenkin, Evgeniy"]
[Result "0-1"]
[WhiteElo "2315"]
[BlackElo "2472"]
[PlyCount "72"]
[EventDate "2012.06.04"]
[EventType "swiss"]
[EventRounds "9"]
[EventCountry "BUL"]
[SourceTitle "CBM 148 Extra"]
[Source "ChessBase"]
[SourceDate "2012.06.22"]
[SourceVersion "1"]
[SourceVersionDate "2012.06.22"]
[SourceQuality "1"]

1. d4 Nf6 2. Nf3 g6 3. Bf4 Bg7 4. e3 0-0 5. h3 d6 6. c4 c5 7. Nc3 Qa5 8. Qa4 Qxa4 9. Nxa4 cxd4 10. exd4 Nc6 11. Nc3 Nh5 12. Be3 f5 13. g3 f4 14. gxf4 Nxf4 15. 0-0-0 Bd7 16. Ne2 Nxe2+ 17. Bxe2 Rac8 18. d5 Na5 19. b3 b5 20. Nd4 bxc4 21. b4 Nb7 22. Kd2 c3+ 23. Ke1 c2 24. Rc1 Bxd4 25. Bxd4 Rf4 26. Bxa7 Rxb4 27. Ba6 Ra8 28. Bxb7 Rxa7 29. Bc6 Bxc6 30. dxc6 Rc4 31. Kd2 Rxa2 32. Rhe1 Kf7 33. Re3 Rxc6 34. h4 Rc5 35. Rc3 Rxc3 36. Kxc3 Ra5 0-1

[Event "Plovdiv Tringov Memorial"]
[Site "Plovdiv"]
[Date "2009.02.05"]
[Round "7"]
[White "Miljkovic, Miroslav M"]
[Black "Jevtic, Sasa"]
[Result "1-0"]
[WhiteElo "2442"]
[BlackElo "2275"]
[PlyCount "46"]
[EventDate "2009.02.01"]
[EventType "swiss"]
[EventRounds "9"]
[EventCountry "BUL"]
[SourceTitle "CBM 128 Extra"]
[Source "ChessBase"]
[SourceDate "2009.03.05"]
[SourceVersion "2"]
[SourceVersionDate "2009.03.25"]
[SourceQuality "1"]

1. d4 d5 2. c4 e6 3. Nc3 Be7 4. Nf3 Nf6 5. Bg5 Nbd7 6. e3 c6 7. Rc1 0-0 8. a3 Ne4 9. Bxe7 Qxe7 10. Qc2 f5 11. Bd3 g5 12. 0-0 g4 13. Ne1 Qg5 14. Qe2 Ndf6 15. f3 Nd6 16. c5 Nf7 17. f4 Qg7 18. b4 h5 19. b5 h4 20. bxc6 bxc6 21. Rb1 Nh5 22. Qc2 Ng3 23. hxg3 hxg3 1-0

[Event "Plovdiv Tringov Memorial"]
[Site "Plovdiv"]
[Date "2009.02.04"]
[Round "6"]
[White "Jevtic, Sasa"]
[Black "Atanasov, Anatoli"]
[Result "1-0"]
[WhiteElo "2275"]
[BlackElo "2007"]
[PlyCount "75"]
[EventDate "2009.02.01"]
[EventType "swiss"]
[EventRounds "9"]
[EventCountry "BUL"]
[SourceTitle "CBM 128 Extra"]
[Source "ChessBase"]
[SourceDate "2009.03.05"]
[SourceVersion "2"]
[SourceVersionDate "2009.03.25"]
[SourceQuality "1"]

1. d4 Nf6 2. Nf3 g6 3. c4 Bg7 4. Nc3 d5 5. Bg5 Ne4 6. cxd5 Nxg5 7. Nxg5 e6 8. Nf3 exd5 9. e3 0-0 10. b4 b6 11. Qb3 c6 12. Be2 Nd7 13. 0-0 b5 14. a4 bxa4 15. Rxa4 Nb6 16. Ra5 Bg4 17. Rfa1 Qd7 18. Nd2 Bxe2 19. Nxe2 Nc8 20. Qa4 Rb8 21. Rc5 Rb6 22. Nb3 a6 23. Ra5 Qd6 24. Nc5 Rb5 25. Rxa6 Nb6 26. Qb3 Nc4 27. Nc3 Rb6 28. Rxb6 Nxb6 29. Ra6 Nd7 30. Qa4 Nb8 31. Ra7 Re8 32. g3 Bf8 33. Rb7 Re7 34. Qa7 Rxb7 35. Qxb7 Qd8 36. b5 cxb5 37. Nxb5 h5 38. Nc3 1-0

[Event "Plovdiv Tringov Memorial"]
[Site "Plovdiv"]
[Date "2009.02.03"]
[Round "4"]
[White "Jevtic, Sasa"]
[Black "Paskalev, Dinko"]
[Result "1-0"]
[WhiteElo "2275"]
[BlackElo "1875"]
[PlyCount "77"]
[EventDate "2009.02.01"]
[EventType "swiss"]
[EventRounds "9"]
[EventCountry "BUL"]
[SourceTitle "CBM 128 Extra"]
[Source "ChessBase"]
[SourceDate "2009.03.05"]
[SourceVersion "2"]
[SourceVersionDate "2009.03.25"]
[SourceQuality "1"]

1. Nf3 Nf6 2. b3 g6 3. Bb2 Bg7 4. g3 0-0 5. Bg2 c5 6. c4 d6 7. 0-0 Nc6 8. d4 Bg4 9. d5 Bxf3 10. Bxf3 Ne5 11. Nd2 Rb8 12. a4 a6 13. a5 Nxf3+ 14. exf3 b5 15. axb6 Rxb6 16. Qc2 Bh6 17. f4 Qd7 18. Ra3 Qh3 19. Rfa1 Ng4 20. Nf1 Rfb8 21. Rxa6 Rxa6 22. Rxa6 Bg7 23. Bxg7 Kxg7 24. Ra7 Kf8 25. Qe2 Re8 26. Qb2 f6 27. b4 cxb4 28. Qxb4 Qh5 29. f3 Nh6 30. Qb3 Nf7 31. g4 Qh3 32. Qe3 g5 33. Ng3 gxf4 34. Qxf4 Ne5 35. Nh5 Nxf3+ 36. Kf2 Ng5 37. Nxf6 Qh4+ 38. Kg2 Nf7 39. Nxe8 1-0

[Event "SRB-chT2"]
[Site "Golubac"]
[Date "2008.09.24"]
[Round "8"]
[White "Jevtic, Sasa"]
[Black "Trickovic, Borivoje"]
[Result "1-0"]
[WhiteElo "2206"]
[BlackElo "2266"]
[PlyCount "79"]
[EventDate "2008.09.20"]
[EventType "team-tourn"]
[EventRounds "11"]
[EventCountry "YUG"]
[SourceTitle "EXT 2010"]
[Source "ChessBase"]
[SourceDate "2010.11.25"]
[SourceVersion "1"]
[SourceVersionDate "2010.11.25"]
[SourceQuality "1"]

1. d4 b6 2. Nf3 Bb7 3. e3 e6 4. Bd3 Nf6 5. 0-0 c5 6. c4 Be7 7. Nc3 d6 8. b3 0-0 9. d5 exd5 10. cxd5 Na6 11. e4 Nc7 12. a4 a6 13. Bb2 Rb8 14. Qc2 g6 15. Nd2 Nh5 16. Nc4 Ne8 17. f4 f6 18. Ne3 Bc8 19. g4 Nhg7 20. Rae1 Nc7 21. Qe2 Qd7 22. Rf2 Bd8 23. Ref1 Re8 24. Qf3 b5 25. a5 Bb7 26. h4 Rf8 27. h5 Qf7 28. hxg6 hxg6 29. Rh2 Re8 30. Rh6 c4 31. bxc4 bxc4 32. Nxc4 Qe7 33. e5 fxe5 34. fxe5 Rf8 35. Qxf8+ Qxf8 36. Rxf8+ Kxf8 37. Rh8+ Kf7 38. Nxd6+ Ke7 39. Nxb7 Rxb7 40. Ba3+ 1-0

[Event "SRB-chT2"]
[Site "Golubac"]
[Date "2008.09.21"]
[Round "2"]
[White "Nikolic, Zivoslav"]
[Black "Jevtic, Sasa"]
[Result "1/2-1/2"]
[WhiteElo "2413"]
[BlackElo "2206"]
[PlyCount "47"]
[EventDate "2008.09.20"]
[EventType "team-tourn"]
[EventRounds "11"]
[EventCountry "YUG"]
[SourceTitle "EXT 2010"]
[Source "ChessBase"]
[SourceDate "2010.11.25"]
[SourceVersion "1"]
[SourceVersionDate "2010.11.25"]
[SourceQuality "1"]

1. d4 Nf6 2. Nf3 e6 3. Bg5 d5 4. Nbd2 Nbd7 5. e4 dxe4 6. Nxe4 Be7 7. Bxf6 Nxf6 8. Nxf6+ Bxf6 9. c3 b6 10. Bb5+ Bd7 11. Qe2 Bxb5 12. Qxb5+ Qd7 13. Qxd7+ Kxd7 14. 0-0-0 Rad8 15. Kc2 c6 16. Nd2 g6 17. a4 Kc7 18. Rhe1 h6 19. Ne4 Bg7 20. f4 Rd5 21. g3 Rhd8 22. Nd2 c5 23. dxc5 Rxc5 24. Ne4 1/2-1/2

[Event "Paracin"]
[Site "Paracin"]
[Date "2008.??.??"]
[Round "7"]
[White "Jevtic, Sasa"]
[Black "Brankovic, Dejan"]
[Result "1-0"]
[WhiteElo "2206"]
[BlackElo "2398"]
[PlyCount "67"]
[EventDate "2008.07.07"]
[EventType "tourn"]
[EventRounds "9"]
[EventCountry "YUG"]
[EventCategory "5"]
[SourceTitle "CBM 125 Extra"]
[Source "ChessBase"]
[SourceDate "2008.09.01"]
[SourceVersion "1"]
[SourceVersionDate "2008.09.01"]
[SourceQuality "1"]

1. d4 Nf6 2. Nf3 c5 3. e3 g6 4. Bd3 Bg7 5. Nbd2 0-0 6. 0-0 Qc7 7. c3 d6 8. e4 Nc6 9. d5 Na5 10. c4 b5 11. cxb5 a6 12. Qc2 axb5 13. Bxb5 Ba6 14. Bxa6 Rxa6 15. b4 Ne8 16. b5 Bxa1 17. bxa6 Qb6 18. e5 Bxe5 19. Nxe5 dxe5 20. Ne4 Nd6 21. Qxc5 Qxa6 22. Nxd6 exd6 23. Qc7 Re8 24. Bh6 Nb7 25. Rb1 Nc5 26. Rb8 Qa4 27. Rxe8+ Qxe8 28. Qxd6 Ne4 29. Qc7 Nf6 30. Qc6 Qd8 31. d6 Qd7 32. Qc5 Qf5 33. h3 Ne4 34. d7 1-0

[Event "Paracin"]
[Site "Paracin"]
[Date "2008.??.??"]
[Round "1"]
[White "Jevtic, Sasa"]
[Black "Milenkovic, Mladen"]
[Result "1/2-1/2"]
[WhiteElo "2206"]
[BlackElo "2343"]
[PlyCount "46"]
[EventDate "2008.07.07"]
[EventType "tourn"]
[EventRounds "9"]
[EventCountry "YUG"]
[EventCategory "5"]
[SourceTitle "CBM 125 Extra"]
[Source "ChessBase"]
[SourceDate "2008.09.01"]
[SourceVersion "1"]
[SourceVersionDate "2008.09.01"]
[SourceQuality "1"]

1. d4 Nf6 2. Nf3 c5 3. e3 e6 4. Bd3 b6 5. 0-0 Bb7 6. c4 Be7 7. Nc3 d6 8. b3 Nbd7 9. Bb2 0-0 10. d5 exd5 11. cxd5 Ng4 12. Bf5 Nge5 13. Nxe5 Nxe5 14. f4 Nd7 15. Qg4 Nf6 16. Qf3 b5 17. Rad1 b4 18. Ne2 Re8 19. Ng3 Ba6 20. Bd3 Bxd3 21. Rxd3 Nd7 22. e4 Bf6 23. Bxf6 Qxf6 1/2-1/2

[Event "Paracin"]
[Site "Paracin"]
[Date "2008.??.??"]
[Round "4"]
[White "Vojinovic, Goran"]
[Black "Jevtic, Sasa"]
[Result "1/2-1/2"]
[WhiteElo "2468"]
[BlackElo "2206"]
[PlyCount "57"]
[EventDate "2008.07.07"]
[EventType "tourn"]
[EventRounds "9"]
[EventCountry "YUG"]
[EventCategory "5"]
[SourceTitle "CBM 125 Extra"]
[Source "ChessBase"]
[SourceDate "2008.09.01"]
[SourceVersion "1"]
[SourceVersionDate "2008.09.01"]
[SourceQuality "1"]

1. c4 e5 2. e3 Nc6 3. Nc3 Nf6 4. Nf3 Bb4 5. Nd5 e4 6. Nxb4 Nxb4 7. Nd4 0-0 8. a3 Na6 9. d3 Nc5 10. dxe4 Ncxe4 11. f3 Nc5 12. Be2 d5 13. cxd5 Qxd5 14. 0-0 c6 15. e4 Qe5 16. Be3 Ne6 17. Nxe6 Bxe6 18. Bd4 Qf4 19. Qc2 Rfd8 20. Qc3 Ne8 21. Rfd1 Qg5 22. Be3 Qe7 23. Rxd8 Qxd8 24. Rd1 Qc7 25. Bf2 a6 26. Qd4 Qf4 27. Qb6 Qc7 28. Qxc7 Nxc7 29. Bb6 1/2-1/2

[Event "SRB-chT2 East"]
[Site "Serbia"]
[Date "2007.09.30"]
[Round "4.5"]
[White "Grujic, Nebojsa"]
[Black "Jevtic, Sasa"]
[Result "0-1"]
[WhiteElo "2204"]
[BlackElo "2162"]
[PlyCount "75"]
[EventDate "2007.09.09"]
[EventType "team"]
[EventRounds "11"]
[EventCountry "SRB"]
[SourceTitle "EXT 2012"]
[Source "ChessBase"]
[SourceDate "2011.11.24"]
[SourceVersion "1"]
[SourceVersionDate "2011.11.24"]
[SourceQuality "1"]
[WhiteTeam "Paracin Borac"]
[BlackTeam "Jagodina MMM"]
[WhiteTeamCountry "SRB"]
[BlackTeamCountry "SRB"]

1. d4 Nf6 2. c4 e6 3. Nc3 Bb4 4. f3 0-0 5. e4 d5 6. e5 Nfd7 7. a3 Bxc3+ 8. bxc3 dxc4 9. Bxc4 Nxe5 10. Bb3 Ng6 11. Ne2 Nd7 12. 0-0 b6 13. Ng3 Bb7 14. f4 Nh4 15. Ra2 Nf5 16. Qd3 Nc5 17. Qd1 Nxb3 18. Qxb3 Nd6 19. Raf2 Bd5 20. Qc2 f5 21. Re1 Rf6 22. Nf1 Rg6 23. Nd2 Qh4 24. Re3 b5 25. a4 a6 26. Qd3 Ne4 27. Nxe4 Bxe4 28. Qd1 c6 29. Ba3 Qd8 30. g3 Qd5 31. Rb2 Qd8 32. Kf2 Rh6 33. h4 Rg6 34. Bb4 Bd5 35. Bc5 Rg4 36. Qf1 h6 37. h5 Qa5 38. Qd1 0-1

[Event "Kesarovski Georgiev Memorial 6th"]
[Site "Sunny Beach"]
[Date "2007.09.12"]
[Round "3"]
[White "Jevtic, Sasa"]
[Black "Ivanov, Borislav"]
[Result "1/2-1/2"]
[WhiteElo "2162"]
[BlackElo "1915"]
[PlyCount "88"]
[EventDate "2007.09.10"]
[EventType "swiss"]
[EventRounds "9"]
[EventCountry "BUL"]
[SourceTitle "CBM 120 Extra"]
[Source "ChessBase"]
[SourceDate "2007.11.01"]
[SourceVersion "1"]
[SourceVersionDate "2007.11.01"]
[SourceQuality "1"]

1. d4 d5 2. Nf3 Nf6 3. c4 c6 4. Nc3 dxc4 5. a4 Bf5 6. e3 e6 7. Bxc4 Bb4 8. 0-0 Nbd7 9. Bd3 Bxd3 10. Qxd3 0-0 11. Rd1 Qa5 12. Bd2 e5 13. d5 e4 14. Nxe4 Nxd5 15. Bxb4 Qxb4 16. Qd4 Qe7 17. b4 N7f6 18. Nxf6+ Nxf6 19. h3 Rfd8 20. Qc4 Rxd1+ 21. Rxd1 Rd8 22. Rd4 h6 23. b5 cxb5 24. axb5 Rxd4 25. Nxd4 Qd8 26. Qc5 a6 27. bxa6 bxa6 28. Nc6 Qd1+ 29. Kh2 Qd3 30. Ne7+ Kh7 31. Nc6 Qd5 32. Qc2+ Qe4 33. Qc3 Qd5 34. f3 Qd6+ 35. Kg1 Qd1+ 36. Kh2 Qd6+ 37. f4 Qe6 38. Ne5 g6 39. Qc7 Kg7 40. Qa7 Nd5 41. g3 Nf6 42. g4 Qa2+ 43. Kg3 Ne4+ 44. Kf3 Nd2+ 1/2-1/2